| 000 | 01240cam a22003734a 4500 | ||
|---|---|---|---|
| 999 |
_c174655 _d174655 |
||
| 001 | 15444476 | ||
| 003 | Nust | ||
| 005 | 20170206115302.0 | ||
| 008 | 080909s2008 enk 000 f eng | ||
| 010 | _a 2008425253 | ||
| 015 |
_aGBA895634 _2bnb |
||
| 015 |
_aGBA803985 _2bnb |
||
| 016 | 7 |
_a014685196 _2Uk |
|
| 016 | 7 |
_a014487207 _2Uk |
|
| 020 | _a9780007309559 | ||
| 035 | _a(OCoLC)ocn190776968 | ||
| 040 |
_aUKM _cUKM _dBTCTA _dYDXCP _dDLC |
||
| 042 | _alccopycat | ||
| 043 | _ae-uk--- | ||
| 050 | 0 | 0 |
_aPR6105.S55 _bS23 2008 |
| 082 | 0 | 0 |
_a823.92 _bESL |
| 100 | 1 | _aEsler, Gavin. | |
| 245 | 1 | 2 |
_aA scandalous man / _cGavin Esler. |
| 260 |
_aLondon : _bHarperCollins, _c2008. |
||
| 300 |
_a397 p. ; _c25 cm. |
||
| 650 | 0 |
_aPolitical corruption _zGreat Britain _vFiction. |
|
| 650 | 0 |
_aPoliticians _zGreat Britain _vFiction. |
|
| 655 | 0 | _aPolitical fiction. | |
| 906 |
_a7 _bcbc _ccopycat _d2 _encip _f20 _gy-gencatlg |
||
| 942 |
_2ddc _cBK |
||